000 01124nam a2200301 i 4500
001 000029920
003 OSt
005 20240417110103.0
007 ta
008 110427s1995 dr r 001 0bspa d
040 _aDO-SdBNP
_bspa
_cBNPHU
_erda
082 4 _a972.93053
_bM516v, 1995
_222
100 1 _aMejía, Félix A.,
_d1905-1962
_954973
_eautor
245 1 0 _aVíacrucis de un pueblo :
_brelato sinóptico de la tragedia dominicana bajo al férula de Trujillo /
_cFélix A. Mejía.
250 _a3ª edición
264 _aSanto Domingo, Republica Dominicana :
_bSociedad Dominicana de Bibliófilos,
_c1995.
300 _a288 páginas ;
_c24 cm.
336 _2rdacontent
_atexto
_btxt
337 _2rdamedia
_asin mediación
_bn
338 _2rdacarrier
_avolumen
_bnc
490 0 _aCultura Dominicana
500 _aIncluye índice onomástico.
590 _aInventariado, 2019/BT
650 4 _aPersecusiones políticas
_zRepública Dominicana
_934704
651 4 _aRepública Dominicana
_xPolítica Y Gobierno
_yEra de Trujillo, 1930-1961
_91374
910 _aValidado. Control de calidad. EMS
942 _2ddc
_cLBS1
999 _c29412
_d29412